Statistics for Curry most PPG vs __

Click here to take the quiz!

General Stats

  • This quiz has been taken 9 times
  • The average score is 5 of 12

Answer Stats

HintAnswer% Correct
29.2Washington Wizards
100%
27.2Portland Trail Blazers
75%
26.7Charlotte Hornets
50%
26.8Cleveland Cavaliers
50%
27.0Toronto Raptors
50%
25.5Brooklyn Nets
25%
25.5Los Angeles Clippers
25%
25.9Memphis Grizzlies
25%
25.8Minnesota Timberwolves
25%
26.4New Orleans Pelicans
25%
26.5Oklahoma City Thunder
25%
26.5Orlando Magic
25%

Score Distribution

Percentile by Number Answered

Percent of People with Each Score

Your Score History

You have not taken this quiz